| Tag |
First Indicator |
Second Indicator |
Subfields |
| LEADER |
00000cam a2200000 a 4500 |
| 001 |
in00000034160 |
| 005 |
20211030063549.0 |
| 008 |
880303s1988 nyua b 10110 eng |
| 010 |
|
|
|a 88007053
|
| 020 |
|
|
|a 087262644X (pbk.)
|
| 035 |
|
|
|a (OCoLC)17731863
|
| 035 |
|
|
|9 AAB7612AM
|
| 040 |
|
|
|a DLC
|c DLC
|d TXA
|d UtOrBLW
|
| 049 |
|
|
|a TXAM
|c [A11505769]
|
| 050 |
0 |
0 |
|a TE175
|b .A77 1988
|
| 082 |
0 |
|
|a 363.1/259
|2 19
|
| 111 |
2 |
|
|a ASCE National Convention
|d (1988 :
|c Nashville, Tenn.)
|
| 245 |
1 |
0 |
|a Accommodation of trucks on the highway :
|b safety in design : proceedings of the symposium /
|c organized by the Committee on Geometric Design of Highways of the Highway Division of the American Society of Civil Engineers in conjunction with the ASCE National Convention, Nashville, Tennessee, May 11, 1988 ; edited by Bob L. Smith and co-edited by John M. Mason, Jr.
|
| 264 |
|
1 |
|a New York, N.Y. :
|b American Society of Civil Engineers,
|c [1988]
|
| 264 |
|
4 |
|c ©1988
|
| 300 |
|
|
|a vii, 192 pages :
|b illustrations ;
|c 22 cm.
|
| 336 |
|
|
|a text
|b txt
|2 rdacontent
|
| 337 |
|
|
|a unmediated
|b n
|2 rdamedia
|
| 338 |
|
|
|a volume
|b nc
|2 rdacarrier
|
| 504 |
|
|
|a Includes bibliographies and indexes.
|
| 505 |
0 |
|
|a Highway factors in truck wrecks / John W. Hutchinson, Manouchehr Vaziri, and Theodore Hopwood II -- Effects of driver factors and training on wrecks / Lowell G. Jones -- Truck operating characteristics in relation to safety / Ian S. Jones and Howard S. Stein -- Design considerations for trucks in work zones / Jerry L. Graham -- Accommodation of large trucks / Harold Lunenfeld -- Accommodating larger trucks at at-grade intersections / Daniel B. Fambro, John M. Mason, Jr., and Timothy R. Neuman -- Guide for monitoring and enhancing safety in the national truck network / Federal Highway Administration-Office of Highway safety.
|
| 650 |
|
0 |
|a Roads
|x Design and construction
|v Congresses.
|
| 650 |
|
0 |
|a Trucks
|x Safety measures
|x Congresses.
|
| 700 |
1 |
|
|a Smith, Bob L.,
|d 1926-
|
| 700 |
1 |
|
|a Mason, John M.,
|c Jr.
|q (John Michael),
|d 1950-
|
| 710 |
2 |
|
|a American Society of Civil Engineers.
|b Highway Division.
|
| 999 |
|
|
|a MARS
|
| 999 |
f |
f |
|s 31b10745-1243-3232-9bfa-93a4949c3e18
|i d3153409-1198-397c-87ba-3f17379d1f51
|t 0
|
| 952 |
f |
f |
|p ric
|a Texas A&M University
|b Rellis Campus
|c Joint Library Facility
|d Remote Storage
|t 0
|e TE175 .A77 1988
|h Library of Congress classification
|i unmediated -- volume
|m A14811505769
|
| 998 |
f |
f |
|a TE175 .A77 1988
|t 0
|l Remote Storage
|